000 00654nam a2200241Ia 4500
001 647
005 20240113233422.0
007 ta
008 050122s1965 a g b000 u eng u
020 _a0 600 37945 0
040 _aRef. stack
041 _aeng
082 _a726
_bWh 565 Sp
100 _aWheeler, Mortimer .
245 0 _aSplenders of the east: temples, tombs, palaces and fortresses of Asia /
_cMortimer Wheeler ed.
_hTextual Documents
250 _a1st ed /
260 _aLondon :
_bSpring books ,
_c1965.
300 _a286p. :
_bill ;
_c31cm .
653 _aArchitecture
942 _2ddc
_cBK
999 _c645
_d645